Normal view
MARC view
Entry Topical Term
001 - CONTROL NUMBER
- control field: 52326
003 - CONTROL NUMBER IDENTIFIER
- control field: ARRUPE
005 - DATE AND TIME OF LATEST TRANSACTION
- control field: 20230414151400.0
008 - FIXED-LENGTH DATA ELEMENTS
- fixed length control field: 230414|| aca||aabn | a|a d
040 ## - CATALOGING SOURCE
- Original cataloging agency: ARRUPE
- Transcribing agency: ARRUPE
150 ## - HEADING--TOPICAL TERM
- Topical term or geographic name as entry element: reflective teaching
670 ## - SOURCE DATA FOUND
- Source citation: Work cat.: (ARRUPE)131744: Ashwin, Paul. 52325, Reflective teaching in higher education;, 2015.